Countries with Most French Speakers Quiz Stats

Quiz Updated Dec 3, 2014

Challenge
Share
Tweet
Embed
Score 0/35 Timer 05:00
12 Plays Today
Number of Speakers Country % Correct
62,968,600France
99.8%
10,470,000Canada
93.1%
2,100,000United States of America
87.4%
8,088,000Belgium
83.3%
11,943,000Germany
82.5%
5,402,000Switzerland
82.4%
10,520,000United Kingdom
80.8%
5,022,000Spain
78.9%
9,394,000Italy
76.3%
11,200,000Algeria
74.3%
10,657,000Morocco
72.3%
2,439,000Niger
68.1%
7,218,000Côte d’Ivoire
64.2%
3,614,000Netherlands
63.5%
33,222,000Democratic Republic of the Congo
60.7%
6,090,000Tunisia
60.6%
2,744,000Mali
59.1%
1,714,000Chad
58.1%
Number of Speakers Country % Correct
2,423,000Portugal
56.8%
4,277,000Senegal
56.5%
9,334,000Cameroon
52%
2,974,000Guinea
51.7%
2,800,000Egypt
50.6%
4,454,000Haiti
50.6%
2,717,000Republic of the Congo
48.5%
1,410,000Central African Republic
47.3%
2,787,000Togo
46.8%
3,848,000Benin
43.4%
1,034,000Poland
43.2%
1,074,000Sweden
40.3%
1,070,000Gabon
40.2%
3,965,000Burkina Faso
39.8%
4,847,000Madagascar
36.2%
1,920,000Lebanon
21%
1,897,000Romania
17.8%

You're not logged in!

Compare scores with friends on all Sporcle quizzes.
Join for Free
OR
Log In

You Might Also Like...

Show Comments

Extras

Top Quizzes Today


Score Distribution

Your Account Isn't Verified!

In order to create a playlist on Sporcle, you need to verify the email address you used during registration. Go to your Sporcle Settings to finish the process.

Report this User

Report this user for behavior that violates our Community Guidelines.

Details: